Ανάλυση και κριτική διερεύνηση χρηματοοικονομικών καταστάσεων : (Ισολογισμοί αποτελεσμάτων χρήσεως)
Saved in:
| Main Author: | |
|---|---|
| Format: | Book |
| Language: | Greek |
| Published: |
Αθήνα :
1987
|
| Subjects: | |
| Tags: |
Add Tag
No Tags, Be the first to tag this record!
|
MARC
| LEADER | 00000cam a2200000 i 4500 | ||
|---|---|---|---|
| 001 | 1/19171 | ||
| 008 | 960312s1987 gre d | ||
| 035 | |l 10021177 | ||
| 040 | |a GR-MY-UA |b gre |e aacr | ||
| 041 | 0 | |a gre | |
| 082 | 0 | |a 657.33 | |
| 100 | 1 | |a Καφούσης, Γεώργιος Ν. | |
| 245 | 1 | 0 | |a Ανάλυση και κριτική διερεύνηση χρηματοοικονομικών καταστάσεων : |b (Ισολογισμοί αποτελεσμάτων χρήσεως) / |c Γ. Καφούσης |
| 260 | |a Αθήνα : |c 1987 | ||
| 300 | |a 163 σ. | ||
| 650 | 0 | 0 | |a Financial statements. |
| 852 | |a INST |b CHIOS |e 19960828 |h 657.33 ΚΑΦ |p 005200000011 |q 005200000011 |t BK |y 0 | ||
| 852 | |a INST |b CHIOS |e 19960828 |h 657.33 ΚΑΦ |p 005200000012 |q 005200000012 |t BK |y 0 | ||
| 852 | |a INST |b CHIOS |e 19960828 |h 657.33 ΚΑΦ |p 005200000013 |q 005200000013 |t BK |y 0 | ||
| 852 | |a INST |b CHIOS |e 19960312 |h 657.33 ΚΑΦ |p 005200006308 |q 005200006308 |t BK |y 0 | ||
| 852 | |a INST |b CHIOS |e 20031009 |h 657.33 ΚΑΦ |p 005200013806 |q 005200013806 |t BK |y 0 | ||
| 909 | |a Χ |b 006940 | ||
| 909 | |a Χ |b 046690 | ||
| 909 | |a Χ |b 013608 | ||
| 909 | |a Χ |b 013606 | ||
| 909 | |a Χ |b 100198 | ||